| 000 | 00667nam a2200217 a 4500 | ||
|---|---|---|---|
| 001 | 000015986 | ||
| 005 | 20200929164227.0 | ||
| 008 | 810707r19801958ve b 000 0 spa | ||
| 010 | _a81114219 | ||
| 040 |
_aDO-SdBNP _cDLC _dDLC |
||
| 050 | 0 | 0 |
_aPQ8550.23.O7 _bB6 |
| 100 | 1 |
_aMoron, Guillermo. _95372 |
|
| 245 | 1 | 4 |
_aLos borradores de un meditador / _cGuillermo Moron. |
| 260 |
_aCaracas, Venezuela : _bEditorial Ateneo de Caracas, _c1980. |
||
| 300 |
_a154 p. ; _c20 cm. |
||
| 490 | 0 | _aColeccion Ensayo | |
| 500 | _aPreviously published: Madrid, 1958. | ||
| 504 | _aIncludes bibliographical references. | ||
| 910 | _aCatalogación derivada | ||
| 082 | 0 | 0 |
_a864 _219 |
| 999 |
_c15528 _d15528 |
||